| Tag |
First Indicator |
Second Indicator |
Subfields |
| LEADER |
00000cam a22000004a 4500 |
| 001 |
in00002176366 |
| 005 |
20151104054540.0 |
| 008 |
051121s2006 nyua b 001 0 eng |
| 010 |
|
|
|a 2005033920
|
| 020 |
|
|
|a 1594548277
|
| 020 |
|
|
|a 9781594548277 (pbk.)
|
| 024 |
3 |
|
|a 9781594548277
|
| 029 |
1 |
|
|a YDXCP
|b 2271694
|
| 035 |
|
|
|a (OCoLC)ocm62342755
|
| 040 |
|
|
|a DLC
|c DLC
|d BAKER
|d C#P
|d YDXCP
|d YUS
|d TXA
|d UtOrBLW
|
| 042 |
|
|
|a pcc
|
| 049 |
|
|
|a TXAM
|
| 050 |
0 |
0 |
|a HV51
|b .T74 2006
|
| 082 |
0 |
0 |
|a 362.5
|2 22
|
| 245 |
0 |
0 |
|a Trends in poverty and welfare alleviation issues /
|c Marie V. Lane, editor.
|
| 264 |
|
1 |
|a New York :
|b Nova Science Publishers, Inc.,
|c [2006]
|
| 264 |
|
4 |
|c ©2006
|
| 300 |
|
|
|a ix, 120 pages :
|b illustrations (some color) ;
|c 26 cm.
|
| 336 |
|
|
|a text
|b txt
|2 rdacontent
|
| 337 |
|
|
|a unmediated
|b n
|2 rdamedia
|
| 338 |
|
|
|a volume
|b nc
|2 rdacarrier
|
| 504 |
|
|
|a Includes bibliographical references and index.
|
| 505 |
0 |
|
|a Preface -- Prospects for welfare alleviation in an obesogenic environment -- The role of urban policy in the battle against poverty : the experience of the Philippines -- The persistence of asset poverty in the United States -- Choosing measures of welfare : adapting existing approaches using social choice theory -- A distribution-free test for deprivation dominance -- Index.
|
| 650 |
|
0 |
|a Public welfare
|x Research.
|
| 650 |
|
0 |
|a Poverty
|x Research.
|
| 650 |
|
0 |
|a Poverty
|x Government policy.
|
| 700 |
1 |
|
|a Lane, Marie V.
|
| 856 |
4 |
1 |
|3 Table of contents only
|u http://www.loc.gov/catdir/toc/ecip064/2005033920.html
|t 0
|
| 938 |
|
|
|a Baker & Taylor
|b BKTY
|c 79.00
|d 79.00
|i 1594548277
|n 0006649582
|s active
|
| 938 |
|
|
|a YBP Library Services
|b YANK
|n 2271694
|
| 994 |
|
|
|a C0
|b TXA
|
| 948 |
|
|
|a cataloged
|b h
|c 2006/12/19
|d c
|e jlanham
|f 12:19:21 pm
|
| 999 |
|
|
|a MARS
|
| 999 |
f |
f |
|s d50c0c75-3838-3642-a02c-14403a856651
|i 8e4b9638-ee3d-34aa-b828-3d4d53652b74
|t 0
|
| 952 |
f |
f |
|a Texas A&M University
|b College Station
|c Sterling C. Evans Library
|d Evans: Library Stacks
|t 0
|e HV51 .T74 2006
|h Library of Congress classification
|
| 998 |
f |
f |
|a HV51 .T74 2006
|t 0
|l Evans: Library Stacks
|